PRINCIPLES AND PRACTICE OF COMMUNITY MEDICINE (Record no. 15100)

MARC details
000 -LEADER
fixed length control field 00361nam a22001577a 4500
003 - CONTROL NUMBER IDENTIFIER
control field SGT
020 ## - INTERNATIONAL STANDARD BOOK NUMBER
International Standard Book Number 978-93-5270-034-9
082 ## - DEWEY DECIMAL CLASSIFICATION NUMBER
Classification number 614.44
Item number P17R
100 ## - MAIN ENTRY--PERSONAL NAME
Personal name RAHIM , ASMA
245 ## - TITLE STATEMENT
Title PRINCIPLES AND PRACTICE OF COMMUNITY MEDICINE
250 ## - EDITION STATEMENT
Edition statement 2ND
260 ## - PUBLICATION, DISTRIBUTION, ETC. (IMPRINT)
Place of publication, distribution, etc NEW DELHI
Name of publisher, distributor, etc JAYPEE PUB
Year of Publication 2017
300 ## - PAGE DESCRIPTION
No. of Pages 758
650 ## - SUBJECT ADDED ENTRY--TOPICAL TERM
Topical term or geographic name as entry element AYURVEDA
942 ## - ADDED ENTRY ELEMENTS (KOHA)
Source of classification or shelving scheme Dewey Decimal Classification
Koha item type Books
942 ## - ADDED ENTRY ELEMENTS (KOHA)
-- 7
Holdings
Withdrawn status Lost status Source of classification or shelving scheme Damaged status Not for loan Collection code Home library Current library Shelving location Date acquired Vendor Name Cost, normal purchase price SGTU Bill Number Total Checkouts Full call number Accession No. (Barcode) Date last seen Bill Date Koha item type Date last borrowed Use restrictions
    Dewey Decimal Classification     AYURVEDA SGT FA-FP Library SGT FA-FP Library Text Book 06/02/2018 AHUJA PUB 895.00 SGTU 9136   614.44 P17R FA8176 06/02/2018 04/01/2018 Books    
    Dewey Decimal Classification     AYURVEDA SGT FA-FP Library SGT FA-FP Library Text Book 06/02/2018 AHUJA PUB 895.00 SGTU 9136 2 614.44 P17R FA8177 03/01/2024 04/01/2018 Books 18/12/2023  
    Dewey Decimal Classification     AYURVEDA SGT FA-FP Library SGT FA-FP Library Reference Book 06/02/2018 AHUJA PUB 895.00 SGTU 9136 1 614.44 P17R FA8178 16/07/2021 04/01/2018 Books 06/04/2021 Restricted Access
    Dewey Decimal Classification     AYURVEDA SGT FA-FP Library SGT FA-FP Library Text Book 06/02/2018 AHUJA PUB 895.00 SGTU 9136 7 614.44 P17R FA8179 25/01/2024 04/01/2018 Books 16/01/2024  
    Dewey Decimal Classification     AYURVEDA SGT FA-FP Library SGT FA-FP Library Text Book 06/02/2018 AHUJA PUB 895.00 SGTU 9136   614.44 P17R FA8180 06/02/2018 04/01/2018 Books